| 000 | 00846nam a22002897a 4500 | ||
|---|---|---|---|
| 001 | 000703 | ||
| 003 | DO-SdBNP | ||
| 005 | 20240307115523.0 | ||
| 007 | 000703 | ||
| 008 | 161115b 2018 ag a 00| 0 spa d | ||
| 020 | _a9789945197969 | ||
| 040 |
_aBPMSU _bspa _cBPMSU |
||
| 082 | 4 |
_aA863.6 _bM779h 2018 _222 |
|
| 100 | 1 | _aMontes, Graciela | |
| 245 | 1 | 0 |
_aHabĂa una vez un [barco] / _cGraciela Montes, Juan Lima. |
| 260 |
_aSanto Domingo : _bGrupo Santillana, _c2018 |
||
| 300 |
_a[26] p. : _bil. ; _c17 cm. |
||
| 490 | 0 | _aPictocuentos. | |
| 500 | _aPre - Lectores | ||
| 500 | _aIncluye datos de los autores | ||
| 590 | _aInventariado, 2023/VM | ||
| 650 | 4 | _aCuentos infantiles argentinos | |
| 650 | 4 | _aLibros ilustrados infantiles | |
| 700 | 1 | _aLima, Juan | |
| 910 | _aLOPEREZ/ VMateo V. Control de calidad. BPMSU | ||
| 942 |
_2ddc _cBK |
||
| 999 |
_c14501 _d14501 |
||